| 000 | 00361nam a22001457a 4500 | ||
|---|---|---|---|
| 003 | OSt | ||
| 008 | 250215b |||||||| |||| 00| 0 eng d | ||
| 041 | _aeng | ||
| 100 |
_aDavid Holliday _97161 |
||
| 245 | _aPhysics Part11 | ||
| 250 | _aReprint | ||
| 260 |
_aNew Delhi: _bNew Age International Publishers, _c1996 |
||
| 700 |
_aRobert Resrick _97162 |
||
| 942 | _cBK | ||
| 999 |
_c19392 _d19392 |
||